Animal, Vegetable or Mineral? - Statistics

General Stats
  • This quiz has been taken 288 times
  • The average score is 30 of 52
Answer Stats
Hint Answer % Correct
Asbestos Mineral
92%
Almond Vegetable
92%
Opal Mineral
88%
Vole Animal
85%
Obsidian Mineral
84%
Earwig Animal
83%
Fig Vegetable
82%
Flax Vegetable
80%
Kiwi Animal
79%
Katydid Animal
72%
Gabbro Mineral
71%
Zircon Mineral
69%
Larch Vegetable
69%
Bullrush Vegetable
65%
Smelt Animal
64%
Tuatara Animal
64%
Mica Mineral
64%
Sphene Mineral
62%
Acorn Vegetable
62%
Kale Vegetable
61%
Agate Mineral
60%
Smew Animal
59%
Pumice Mineral
59%
Krait Animal
57%
Belladonna Vegetable
57%
Bracken Vegetable
55%
Beluga Animal
54%
Clementine Vegetable
54%
Springbok Animal
53%
John Dory Animal
53%
Human Animal
53%
Ice Mineral
53%
Maize Vegetable
53%
Shale Mineral
52%
Sulfur Mineral
52%
Banana Vegetable
52%
Jade Mineral
51%
Weta Animal
50%
Echidna Animal
50%
Eucalyptus Vegetable
50%
Rifleman Animal
46%
Louse Animal
46%
Yarrow Vegetable
45%
Barracuda Animal
44%
Cress Vegetable
44%
Massicot Mineral
41%
Taro Vegetable
37%
Celstine Mineral
36%
Keek Vegetable
36%
Duiker Animal
33%
Chert Mineral
33%
Pohutukawa Vegetable
33%
No matching quizzes found
Score Distribution
Percent of People with Each Score
Percentile by Number Answered
Your Score History
You have not taken this quiz